Statistics for Clash Royale Cards

Click here to take the quiz!

General Stats

  • This quiz has been taken 34 times
  • The average score is 71 of 110

Answer Stats

ArenaRarityElixirAnswer% Correct
Training Campcommon3Knight
100%
Training Campcommon3Arrows
94%
Training Camprare4Fireball
94%
Training Camprare5Giant
94%
Spooky Townlegendary3ice wizard
94%
Electro Valleylegendary3miner
94%
Training Camprare4Mini Pekka
94%
P.E.K.K.A's Playhouseepic7Pekka
94%
Training Campcommon3Archers
88%
Electro Valleylegendary4electro wizard
88%
P.E.K.K.A's Playhouseepic3Goblin Barrel
88%
Goblin Stadiumcommon2Goblins
88%
Builder's Workshoprare4Hog Rider
88%
Electro Valleylegendary7mega knight
88%
Royal Arenaepic5prince
88%
Bone Pitcommon1Skeletons
88%
Spell Valleyrare5Wizard
88%
Royal Cryptchampion5archer queen
82%
Barbarian Bowlcommon5Barbarians
82%
Spell Valleycommon1Fire Spirit
82%
Frozen Peakcommon1ice spirit
82%
Serenity Peakepic2rage
82%
Electro Valleylegendary6sparky
82%
Hog Mountaincommon4tesla
82%
Builder's Workshopcommon2Zap
82%
Rascal's Hideoutlegendary3bandit
76%
Royal Arenaepic4dark prince
76%
Frozen Peakepic4freeze
76%
Executioner's Kitchenchampion4Golden knight
76%
Hog Mountainepic8golem
76%
Frozen Peakepic6lightning
76%
Electro Valleylegendary2log
76%
Training Camprare4Musketeer
76%
P.E.K.K.A's Playhouseepic3Skeleton Army
76%
Royal Arenarare9three musketeers
76%
Bone Pitrare4Valkyrie
76%
P.E.K.K.A's Playhouseepic4Baby Dragon
71%
Jungle Arenaepic2barbarian barrel
71%
Spell Valleyrare4Bomb tower
71%
Frozen Peakepic6giant skeleton
71%
Goblin Stadiumrare5Goblin Hut
71%
Spooky Townlegendary5graveyard
71%
Spell Valleyrare5Inferno Tower
71%
Serenity Peaklegendary4night witch
71%
Electro Valleylegendary3princess
71%
P.E.K.K.A's Playhouseepic5Witch
71%
Jungle Arenarare6barbarian hut
65%
Barbarian Bowlcommon3Cannon
65%
Miner's Mineepic3clone
65%
Jungle Arenarare3dart goblin
65%
Spooky Townrare3earthquake
65%
Spooky Townepic5electro dragon
65%
Rascal's Hideoutepic7electro giant
65%
Spooky Towncommon3firecracker
65%
Frozen Peakcommon2giant snowball
65%
Rascal's Hideoutrare1heal spirit
65%
Electro Valleylegendary4inferno dragon
65%
Silent Sanctuarychampion3little prince
65%
Training Campcommon3Minions
65%
Miner's Mineepic?mirror
65%
Royal Arenacommon6Royal Giant
65%
Bone Pitcommon2Bomber
59%
Spell Valleycommon1Electro Spirit
59%
Hog Mountaincommon6elite barbarians
59%
Goblin Stadiumrare4Goblin Cage
59%
Jungle Arenacommon3goblin gang
59%
Jungle Arenaepic6goblin giant
59%
Royal Cryptchampion4mighty miner
59%
Hog Mountaincommon5minion horde
59%
Silent Sanctuarychampion5Monk
59%
Builder's Workshopcommon4Mortar
59%
Electro Valleylegendary5ram rider
59%
Rascal's Hideoutcommon5rascals
59%
Goblin Stadiumcommon2Spear Goblins
59%
Bone Pitrare3Tombstone
59%
Hog Mountainepic6x-bow
59%
Royal Arenaepic5balloon
53%
Frozen Peakrare4battle healer
53%
Serenity Peakrare3elixir golem
53%
Hog Mountainrare4furnace
53%
Frozen Peakrare2ice golem
53%
Rascal's Hideoutlegendary7lava hound
53%
Serenity Peaklegendary4lumberjack
53%
Rascal's Hideoutlegendary4magic archer
53%
Miner's Minelegendary4mother witch
53%
Jungle Arenaepic4poison
53%
Builder's Workshoprare6Rocket
53%
Spooky Townlegendary3royal ghost
53%
Executioner's Kitchenchampion4skeleton king
53%
Spooky Townepic2wall breakers
53%
Builder's Workshopcommon2Bats
47%
Rascal's Hideoutepic5bowler
47%
Serenity Peakepic5executioner
47%
Hog Mountainepic4hunter
47%
Barbarian Bowlrare3Mega minion
47%
Royal Arenarare5royal hogs
47%
Jungle Arenacommon3skeleton barrel
47%
Hog Mountainrare4zappies
47%
P.E.K.K.A's Playhouseepic3Guards
41%
Spooky Townlegendary4phoenix
41%
Barbarian Bowlrare4Battle ram
35%
Miner's Mineepic5cannon cart
35%
Miner's Minerare6elixir collector
35%
Royal Arenacommon7Royal recruits
35%
Spell Valleycommon4Skeleton Dragons
35%
Miner's Mineepic3tornado
35%
Miner's Minelegendary3fisherman
29%
Builder's Workshoprare4Flying Machine
24%
Serenity Peakcommon3royal delivery
24%
Serenity Peakepic4goblin drill
18%

Score Distribution

Percentile by Number Answered

Percent of People with Each Score

Your Score History

You have not taken this quiz